|
|
|
|
| LEADER |
01372nam a2200289 a 4500 |
| 001 |
14532293 |
| 003 |
BD-DhAAL |
| 008 |
090721s2006 bg a b i000 0 eng d |
| 010 |
|
|
|a 2006561705
|
| 040 |
|
|
|a DLC
|c DLC
|d BD-DhAAL
|
| 082 |
0 |
0 |
|a 362.5/8/095492
|2 22
|
| 245 |
0 |
0 |
|a Social safety nets in Bangladesh :
|b an assessment.
|
| 260 |
|
|
|a [Dhaka] :
|b World Bank Office, Dhaka,
|c 2006.
|
| 300 |
|
|
|a viii, 54 pages :
|b illustrations ;
|c 29 cm.
|
| 490 |
0 |
|
|a Bangladesh development series ;
|v paper no. 9
|
| 500 |
|
|
|a "Document of the World Bank."
|
| 504 |
|
|
|a Includes bibliographical references (p. 51-53).
|
| 526 |
|
|
|x Salim khan
Sr. program Associate
James P. Grant School.
Course name and no. N/A
|
| 541 |
1 |
|
|e 00018473
|a
A H Development publishing house
|
| 650 |
|
0 |
|a Public welfare
|z Bangladesh.
|9 57960
|
| 650 |
|
0 |
|a Bangladesh
|x Social policy.
|9 30165
|
| 710 |
2 |
|
|a World Bank.
|b Bangladesh Dhaka Office.
|
| 852 |
4 |
|
|a School of Public Health
|j General Shelf.
|
| 942 |
|
|
|2 ddc
|c BK
|
| 999 |
|
|
|c 2642
|d 2642
|
| 952 |
|
|
|0 0
|1 0
|2 ddc
|4 0
|6 362_580954920000000_SOC_2006
|7 0
|9 2422
|a JPGSPH
|b JPGSPH
|d 2009-04-29
|e A H Development Publishing House.
|l 0
|o 362.58095492 SOC
|p 3060018473
|r 2009-07-22
|t 1
|w 2009-07-22
|y BK
|
| 952 |
|
|
|0 0
|1 0
|2 ddc
|4 0
|6 362_580954920000000_SOC_2006
|7 0
|9 9838
|a BRACUL
|b BRACUL
|c GEN
|d 2010-05-06
|l 1
|m 2
|o 362.58095492 SOC
|p 3010015643
|r 2018-10-03
|s 2018-09-17
|t 2
|w 2010-05-06
|y BK
|